Subband compression of images :principles and examples -(E-BOOK) (Record no. 192707)
[ view plain ]
| 000 -LEADER | |
|---|---|
| fixed length control field | 01204 a2200265 4500 |
| 003 - CONTROL NUMBER IDENTIFIER | |
| control field | Nust |
| 005 - DATE AND TIME OF LATEST TRANSACTION | |
| control field | 20170207154042.0 |
| 010 ## - LIBRARY OF CONGRESS CONTROL NUMBER | |
| LC control number | 95017786 |
| 020 ## - INTERNATIONAL STANDARD BOOK NUMBER | |
| International Standard Book Number | 0444894314 (alk. paper) |
| 040 ## - CATALOGING SOURCE | |
| Transcribing agency | Nust |
| 082 00 - DEWEY DECIMAL CLASSIFICATION NUMBER | |
| Classification number | 621.367 |
| 100 1# - MAIN ENTRY--PERSONAL NAME | |
| Personal name | Ramstad, T. A. |
| 245 10 - TITLE STATEMENT | |
| Title | Subband compression of images :principles and examples -(E-BOOK) |
| Statement of responsibility, etc. | T.A. Ramstad, S.O. Aase, J.H. Hus?y. |
| 260 ## - PUBLICATION, DISTRIBUTION, ETC. | |
| Place of publication, distribution, etc. | Amsterdam ; |
| -- | New York : |
| Name of publisher, distributor, etc. | Elsevier, |
| Date of publication, distribution, etc. | 1995. |
| 300 ## - PHYSICAL DESCRIPTION | |
| Extent | xvi, 379 p. : |
| Other physical details | ill. ; |
| Dimensions | 25 cm. |
| 440 #0 - SERIES STATEMENT/ADDED ENTRY--TITLE | |
| Title | Advances in image communication ; |
| Volume/sequential designation | 6 |
| 505 ## - FORMATTED CONTENTS NOTE | |
| Formatted contents note | I n t r o d u c t i o n (Page-1) Exact S i g n a l Decomposition (Page-23) Filter Bank Structures (Page-49) Bit Efficient Quantization (Page-127) Gain-Optimized Subband Coders (Page-155) Classical Subband Coding (Page-187) Coding Examples and Comparisons (Page-205) Remedies for Coding A r t i f a c t s (Page-217) Subband Coding of Video (Page-273) |
| 650 #0 - SUBJECT ADDED ENTRY--TOPICAL TERM | |
| Topical term or geographic name entry element | Coding theory. |
| 650 #0 - SUBJECT ADDED ENTRY--TOPICAL TERM | |
| Topical term or geographic name entry element | Image compression |
| General subdivision | Data processing. |
| 650 #0 - SUBJECT ADDED ENTRY--TOPICAL TERM | |
| Topical term or geographic name entry element | Image processing |
| General subdivision | Digital techniques. |
| 651 ## - SUBJECT ADDED ENTRY--GEOGRAPHIC NAME | |
| Geographic name | E-BOOK |
| 700 1# - ADDED ENTRY--PERSONAL NAME | |
| Personal name | Aase, S. O. |
| 700 1# - ADDED ENTRY--PERSONAL NAME | |
| Personal name | Hus?y, J. H. |
| 856 42 - ELECTRONIC LOCATION AND ACCESS | |
| Materials specified | Publisher description |
| Uniform Resource Identifier | <a href="http://www.loc.gov/catdir/enhancements/fy0602/95017786-d.html">http://www.loc.gov/catdir/enhancements/fy0602/95017786-d.html</a> |
| 942 ## - ADDED ENTRY ELEMENTS (KOHA) | |
| Source of classification or shelving scheme | |
| Koha item type | Book |
| Withdrawn status | Lost status | Source of classification or shelving scheme | Damaged status | Not for loan | Collection code | Permanent Location | Current Location | Date acquired | Total Checkouts | Full call number | Barcode | Date last seen | Price effective from | Koha item type |
|---|---|---|---|---|---|---|---|---|---|---|---|---|---|---|
| Military College of Signals (MCS) | Military College of Signals (MCS) | 12/12/2016 | 621.367 RAM | MCSEB-2265 | 12/08/2016 | 12/12/2016 | Book |
